| 000 | 01510cam a2200313 i 4500 | ||
|---|---|---|---|
| 001 | 21522562 | ||
| 005 | 20221003115718.0 | ||
| 008 | 200506s2021 ilua j b 001 0 eng | ||
| 010 | _a 2020020314 | ||
| 020 | _a9781433571664 | ||
| 020 | _z9781433571671 | ||
| 020 | _z9781433571688 | ||
| 020 | _z9781433571695 | ||
| 040 |
_aDLC _beng _cDLC _erda _dDLC |
||
| 042 | _apcc | ||
| 050 | 0 | 0 |
_aBR125.5 _b.M45 2021 |
| 082 | 0 | 0 |
_a239 _223 |
| 100 | 1 |
_aMcLaughlin, Rebecca, _d1980- _eauthor. |
|
| 245 | 1 | 0 |
_a10 questions every teen should ask (and answer) about Christianity / _cRebecca McLaughlin. |
| 246 | 3 | _aTen questions every kid should ask (and answer) Christianity | |
| 300 |
_a206 pages : _bcolor illustrations ; _c21 cm |
||
| 504 | _aIncludes bibliographical references and indexes. | ||
| 520 | _a"The author uses kid-friendly illustrations and biblical truth to address 10 questions kids face about the Christian worldview, challenging young people to think deeply about hard topics and stand for truth in a secular age"-- | ||
| 650 | 0 |
_aChristianity _vJuvenile literature. |
|
| 776 | 0 | 8 |
_iOnline version: _aMcLaughlin, Rebecca, 1980- _t10 questions every kid should ask (and answer) about christianity _dWheaton : Crossway, 2021. _z9781433571671 _w(DLC) 2020020315 |
| 906 |
_a7 _bcbc _corignew _d1 _eecip _f20 _gy-gencatlg |
||
| 942 |
_2lcc _cBK |
||
| 999 |
_c19622 _d19621 |
||